Представление документа в формате RUSMARC

ПолеНазваниеЗначение
  Тип записи a
  Библиографический уровень m
001 Контрольный номер RU/SLIB/B/208713290
005 Дата корректировки 20201206203919.4
010 Индекс ISBN __
a ISBN 5-87263-011-5
d Цена 28-00
101 Язык документа __
a Язык текста rus
c Язык оригинала rus
200 Заглавие и сведения об ответственности 0_
a Заглавие Когалым: Время и люди. Взгляд со стороны
f Первые сведения об ответственности А. Васильев, М. Кранс ; худож.: С. Дьяков
b Общее обозначение материала Текст
210 Выходные данные __
a Место издания М.
c Издательство Ирма
d Дата издания 2000
215 Физическое описание __
a Объем 136 с.
c Иллюстрации/тип воспроизводства фотоил.
330 Аннотация __
a Аннотация Эта книга посвящена городу Когалыму и его жителям. Авторами сделана попытка, объективно оценить состояние города на сегодняшний день и наметить перспективы дальнейшего развития.
606 Тематические рубрики __
a Основная рубрика География
606 Тематические рубрики __
a Основная рубрика Краеведение
y Географическая подрубрика Россия; ХМАО; Когалым; Ханты-Мансийский автономный округ
610 Ключевые слова __
a Ключевые слова досуг; экономика; нефтяная промышленность; статистика; здравоохранение; природоведение; охрана окружающей среды; культура; дети; связь; транспорт; средства массовой информации; торговля; природа; население; нефтедобыча; промышленность; нефтяники; нефть; месторождения нефти; телецентры; люди; здоровье; детство; животный мир; растительный мир; природная среда; природные условия; климат; просвещение; служба быта; население; церкви; провинции
686 Индексы других классификаций __
a Классификационный индекс К26.89(2Рос-6Хан)
702 Вторичная интеллектуальная ответственность _1
a Фамилия Васильев
b Имя А.
4 Код отношения Автор
4 Код отношения 070
702 Вторичная интеллектуальная ответственность _1
a Фамилия Кранс
b Имя М.
4 Код отношения Автор
4 Код отношения 070
702 Вторичная интеллектуальная ответственность _1
a Фамилия Дьяков
b Имя С.
4 Код отношения Художник
4 Код отношения 040
801 Источник записи _0
a Страна RU
b Организация Муниципальное бюджетное учреждение культуры "Централизованная библиотечная система" г. Сургут (Центральная городская библиотека им. А. С. Пушкина)
g Правила каталогизации КиК/Поспелова
801 Источник записи _1
a Страна RU
b Организация Муниципальное бюджетное учреждение культуры "Централизованная библиотечная система" г. Сургут (Центральная городская библиотека им. А. С. Пушкина)
g Правила каталогизации КиК/Поспелова
852 Данные о местонахождении __
j Шифр хранения К26.89(2Рос-6Хан)
i Авторский знак К 57
901 Тип документа __
t Тип документа m
903 Характеристики (МАРС) __
a Дата передачи 20010817
990 Данные о заказе (DOS) __
j Количество экземпляров (DOS) 1
t N записи в КСУ для И/У (DOS) 200108